00274nam a2200097 4500082002200000100002500022245004200047260003900089300000700128650004100135 a631.4 WICb007552 aWicramanayake,V.E.A. aSoil Tillage And Tropical Agriculture bOpen University of Sri Lankac1994 a57 a Tropical AgricultureaSoil Tillage